000 00850akm a2200301a 44500
008 960122s1987 cat
017 _aB-25309-1987
041 _acat
080 _a666.17(038)
110 _aSant Sadurní d'Anoia. Ajuntament
_965027
245 _aL'ampolla de cava
_h[cartell]
_cAjuntament de Sant Sadurní d'Anoia
260 _a[Barcelona]
_bGeneralitat de Catalunya. Direcció General de Política Lingüística
_c1987
300 _bil.
500 _btermcat
520 _a20
591 _a2487
592 _aObra terminològica
593 _aKRV
594 _a2487
650 _acaves
_961870
700 _aBedmar, F.
_965029
700 _aSánchez, J.
_965028
901 _cDL <1987>
902 _a960122
942 _cMO
_n0
_2ddc
999 _c54154
_d54154